Optimal trajectories in atmospheric flight / (Record no. 593921)
[ view plain ]
| 000 -LEADER | |
|---|---|
| fixed length control field | 00961cam a2200265 a 4500 |
| 001 - CONTROL NUMBER | |
| control field | 4678422 |
| 005 - DATE AND TIME OF LATEST TRANSACTION | |
| control field | 20230321105951.0 |
| 008 - FIXED-LENGTH DATA ELEMENTS--GENERAL INFORMATION | |
| fixed length control field | 810311s1981 ne a b 001 0 eng |
| 010 ## - LIBRARY OF CONGRESS CONTROL NUMBER | |
| LC control number | 81004542 |
| 020 ## - INTERNATIONAL STANDARD BOOK NUMBER | |
| International Standard Book Number | 0444419616 (v. 2) |
| 040 ## - CATALOGING SOURCE | |
| Original cataloging agency | DLC |
| Transcribing agency | DLC |
| Modifying agency | DLC |
| 050 00 - LIBRARY OF CONGRESS CALL NUMBER | |
| Classification number | TL573 |
| Item number | .V52 |
| 082 00 - DEWEY DECIMAL CLASSIFICATION NUMBER | |
| Classification number | 629.4195 |
| Edition number | 19 |
| Author Mark | VIN |
| 100 1# - MAIN ENTRY--PERSONAL NAME | |
| Personal name | Vinh, Nguyen X. |
| 9 (RLIN) | 110771 |
| 245 10 - TITLE STATEMENT | |
| Title | Optimal trajectories in atmospheric flight / |
| Statement of responsibility, etc. | Nguyen X. Vinh. |
| 260 ## - PUBLICATION, DISTRIBUTION, ETC. | |
| Place of publication, distribution, etc. | Amsterdam ; |
| -- | New York : |
| Name of publisher, distributor, etc. | Elsevier Scientific Pub. Co. ; |
| Place of publication, distribution, etc. | New York : |
| Name of publisher, distributor, etc. | Distributors for the U.S. and Canada, Elsevier/North-Holland, |
| Date of publication, distribution, etc. | 1981. |
| 300 ## - PHYSICAL DESCRIPTION | |
| Extent | xviii, 402 p. : |
| Other physical details | ill. ; |
| Dimensions | 25 cm. |
| 490 1# - SERIES STATEMENT | |
| Series statement | Studies in astronautics ; |
| Volume/sequential designation | 2 |
| 504 ## - BIBLIOGRAPHY, ETC. NOTE | |
| Bibliography, etc. note | Includes bibliographical references and indexes. |
| 650 #0 - SUBJECT ADDED ENTRY--TOPICAL TERM | |
| Topical term or geographic name entry element | Flight. |
| 9 (RLIN) | 1579 |
| 650 #0 - SUBJECT ADDED ENTRY--TOPICAL TERM | |
| Topical term or geographic name entry element | Trajectory optimization. |
| 9 (RLIN) | 110700 |
| 830 #0 - SERIES ADDED ENTRY--UNIFORM TITLE | |
| Uniform title | Studies in astronautics ; |
| Volume/sequential designation | v. 2. |
| 9 (RLIN) | 110772 |
| 906 ## - LOCAL DATA ELEMENT F, LDF (RLIN) | |
| a | 7 |
| b | cbc |
| c | orignew |
| d | 1 |
| e | ocip |
| f | 19 |
| g | y-gencatlg |
| 942 ## - ADDED ENTRY ELEMENTS (KOHA) | |
| Source of classification or shelving scheme | |
| Koha item type | Book |
| Withdrawn status | Lost status | Source of classification or shelving scheme | Damaged status | Not for loan | Permanent Location | Current Location | Shelving location | Date acquired | Full call number | Barcode | Date last seen | Price effective from | Koha item type |
|---|---|---|---|---|---|---|---|---|---|---|---|---|---|
| School of Mechanical & Manufacturing Engineering (SMME) | School of Mechanical & Manufacturing Engineering (SMME) | Aerospace Engineering | 03/21/2023 | 629.4195 VIN | SMME-4195 | 03/21/2023 | 03/21/2023 | Book |
